<?xml version="1.0" encoding="UTF-8"?>
<collection xmlns="http://www.loc.gov/MARC21/slim">
 <record>
  <leader>04054cam a2200817   4500</leader>
  <controlfield tag="001">690091451</controlfield>
  <controlfield tag="003">DE-627</controlfield>
  <controlfield tag="005">20220722142400.0</controlfield>
  <controlfield tag="007">tu</controlfield>
  <controlfield tag="008">120412s2012    gw ||||| m    00| ||ger c</controlfield>
  <datafield tag="010" ind1=" " ind2=" ">
   <subfield code="a">  2012465866</subfield>
  </datafield>
  <datafield tag="016" ind1="7" ind2=" ">
   <subfield code="a">1021908053</subfield>
   <subfield code="2">DE-101</subfield>
  </datafield>
  <datafield tag="020" ind1=" " ind2=" ">
   <subfield code="a">9783428137442</subfield>
   <subfield code="c">kart.</subfield>
   <subfield code="9">978-3-428-13744-2</subfield>
  </datafield>
  <datafield tag="024" ind1="3" ind2=" ">
   <subfield code="a">9783428137442</subfield>
  </datafield>
  <datafield tag="035" ind1=" " ind2=" ">
   <subfield code="a">(DE-627)690091451</subfield>
  </datafield>
  <datafield tag="035" ind1=" " ind2=" ">
   <subfield code="a">(DE-576)363487646</subfield>
  </datafield>
  <datafield tag="035" ind1=" " ind2=" ">
   <subfield code="a">(DE-599)BSZ363487646</subfield>
  </datafield>
  <datafield tag="035" ind1=" " ind2=" ">
   <subfield code="a">(OCoLC)799999943</subfield>
  </datafield>
  <datafield tag="035" ind1=" " ind2=" ">
   <subfield code="a">(OCoLC)798972111</subfield>
  </datafield>
  <datafield tag="035" ind1=" " ind2=" ">
   <subfield code="a">(OCoLC)1078728399</subfield>
  </datafield>
  <datafield tag="040" ind1=" " ind2=" ">
   <subfield code="a">DE-627</subfield>
   <subfield code="b">ger</subfield>
   <subfield code="c">DE-627</subfield>
   <subfield code="e">rakwb</subfield>
  </datafield>
  <datafield tag="041" ind1=" " ind2=" ">
   <subfield code="a">ger</subfield>
  </datafield>
  <datafield tag="044" ind1=" " ind2=" ">
   <subfield code="c">XA-DE-BE</subfield>
  </datafield>
  <datafield tag="050" ind1=" " ind2="0">
   <subfield code="a">NA7741.P82</subfield>
  </datafield>
  <datafield tag="082" ind1="0" ind2=" ">
   <subfield code="a">728.809431546</subfield>
   <subfield code="q">LOC</subfield>
   <subfield code="2">22/ger</subfield>
  </datafield>
  <datafield tag="082" ind1="0" ind2="4">
   <subfield code="a">720</subfield>
   <subfield code="a">943</subfield>
   <subfield code="q">DNB</subfield>
  </datafield>
  <datafield tag="084" ind1=" " ind2=" ">
   <subfield code="a">8,1</subfield>
   <subfield code="2">ssgn</subfield>
  </datafield>
  <datafield tag="084" ind1=" " ind2=" ">
   <subfield code="a">9,10</subfield>
   <subfield code="2">ssgn</subfield>
  </datafield>
  <datafield tag="084" ind1=" " ind2=" ">
   <subfield code="a">LK 61370</subfield>
   <subfield code="q">HBZ</subfield>
   <subfield code="2">rvk</subfield>
   <subfield code="0">(DE-625)rvk/98033:</subfield>
  </datafield>
  <datafield tag="084" ind1=" " ind2=" ">
   <subfield code="a">NP 2068</subfield>
   <subfield code="2">rvk</subfield>
   <subfield code="0">(DE-625)rvk/127453:</subfield>
  </datafield>
  <datafield tag="084" ind1=" " ind2=" ">
   <subfield code="a">21.71</subfield>
   <subfield code="2">bkl</subfield>
  </datafield>
  <datafield tag="084" ind1=" " ind2=" ">
   <subfield code="a">20.16</subfield>
   <subfield code="2">bkl</subfield>
  </datafield>
  <datafield tag="084" ind1=" " ind2=" ">
   <subfield code="a">15.36</subfield>
   <subfield code="2">bkl</subfield>
  </datafield>
  <datafield tag="090" ind1=" " ind2=" ">
   <subfield code="a">a</subfield>
  </datafield>
  <datafield tag="100" ind1="1" ind2=" ">
   <subfield code="a">Adler, Antje</subfield>
   <subfield code="d">1967-</subfield>
   <subfield code="0">(DE-588)1024149269</subfield>
   <subfield code="0">(DE-627)719251052</subfield>
   <subfield code="0">(DE-576)368017540</subfield>
   <subfield code="4">aut</subfield>
  </datafield>
  <datafield tag="245" ind1="1" ind2="0">
   <subfield code="a">Gelebte Antike</subfield>
   <subfield code="b">Friedrich Wilhelm IV. und Charlottenhof</subfield>
   <subfield code="c">Antje Adler</subfield>
  </datafield>
  <datafield tag="246" ind1="3" ind2="0">
   <subfield code="a">4 vierte</subfield>
  </datafield>
  <datafield tag="264" ind1=" " ind2="1">
   <subfield code="a">Berlin</subfield>
   <subfield code="b">Duncker &amp; Humblot</subfield>
   <subfield code="c">2012</subfield>
  </datafield>
  <datafield tag="300" ind1=" " ind2=" ">
   <subfield code="a">407 S.</subfield>
   <subfield code="b">Ill.</subfield>
  </datafield>
  <datafield tag="336" ind1=" " ind2=" ">
   <subfield code="a">Text</subfield>
   <subfield code="b">txt</subfield>
   <subfield code="2">rdacontent</subfield>
  </datafield>
  <datafield tag="337" ind1=" " ind2=" ">
   <subfield code="a">ohne Hilfsmittel zu benutzen</subfield>
   <subfield code="b">n</subfield>
   <subfield code="2">rdamedia</subfield>
  </datafield>
  <datafield tag="338" ind1=" " ind2=" ">
   <subfield code="a">Band</subfield>
   <subfield code="b">nc</subfield>
   <subfield code="2">rdacarrier</subfield>
  </datafield>
  <datafield tag="490" ind1="1" ind2=" ">
   <subfield code="a">Quellen und Forschungen zur brandenburgischen und preußischen Geschichte</subfield>
   <subfield code="v">Bd. 43</subfield>
  </datafield>
  <datafield tag="502" ind1=" " ind2=" ">
   <subfield code="a">Vollst. zugl.: Potsdam, Univ., Diss., 2009</subfield>
  </datafield>
  <datafield tag="600" ind1="1" ind2="0">
   <subfield code="a">Frederick William</subfield>
   <subfield code="b">IV</subfield>
   <subfield code="c">King of Prussia</subfield>
   <subfield code="d">1795-1861</subfield>
  </datafield>
  <datafield tag="610" ind1="1" ind2="0">
   <subfield code="a">Schloss Charlottenhof (Potsdam, Germany)</subfield>
  </datafield>
  <datafield tag="650" ind1=" " ind2="0">
   <subfield code="a">Architecture, German</subfield>
   <subfield code="x">Classical influences</subfield>
  </datafield>
  <datafield tag="655" ind1=" " ind2="7">
   <subfield code="a">Hochschulschrift</subfield>
   <subfield code="0">(DE-588)4113937-9</subfield>
   <subfield code="0">(DE-627)105825778</subfield>
   <subfield code="0">(DE-576)209480580</subfield>
   <subfield code="2">gnd-content</subfield>
  </datafield>
  <datafield tag="689" ind1="0" ind2="0">
   <subfield code="d">p</subfield>
   <subfield code="0">(DE-588)118535994</subfield>
   <subfield code="0">(DE-627)136125824</subfield>
   <subfield code="0">(DE-576)315823011</subfield>
   <subfield code="a">Friedrich Wilhelm</subfield>
   <subfield code="b">IV.</subfield>
   <subfield code="c">Preußen, König</subfield>
   <subfield code="d">1795-1861</subfield>
   <subfield code="2">gnd</subfield>
  </datafield>
  <datafield tag="689" ind1="0" ind2="1">
   <subfield code="d">s</subfield>
   <subfield code="0">(DE-588)4120975-8</subfield>
   <subfield code="0">(DE-627)10450112X</subfield>
   <subfield code="0">(DE-576)209539534</subfield>
   <subfield code="a">Bauvorhaben</subfield>
   <subfield code="2">gnd</subfield>
  </datafield>
  <datafield tag="689" ind1="0" ind2="2">
   <subfield code="d">g</subfield>
   <subfield code="0">(DE-588)4384356-6</subfield>
   <subfield code="0">(DE-627)187465452</subfield>
   <subfield code="0">(DE-576)211875457</subfield>
   <subfield code="a">Schloss Charlottenhof</subfield>
   <subfield code="g">Potsdam</subfield>
   <subfield code="2">gnd</subfield>
  </datafield>
  <datafield tag="689" ind1="0" ind2="3">
   <subfield code="d">g</subfield>
   <subfield code="0">(DE-588)4734888-4</subfield>
   <subfield code="0">(DE-627)365912948</subfield>
   <subfield code="0">(DE-576)215870360</subfield>
   <subfield code="a">Schloss Charlottenhof</subfield>
   <subfield code="g">Potsdam</subfield>
   <subfield code="g">Römische Bäder</subfield>
   <subfield code="2">gnd</subfield>
  </datafield>
  <datafield tag="689" ind1="0" ind2=" ">
   <subfield code="5">DE-101</subfield>
  </datafield>
  <datafield tag="751" ind1=" " ind2=" ">
   <subfield code="a">Potsdam</subfield>
   <subfield code="0">(DE-588)4046948-7</subfield>
   <subfield code="0">(DE-627)106196332</subfield>
   <subfield code="0">(DE-576)209071575</subfield>
   <subfield code="4">uvp</subfield>
  </datafield>
  <datafield tag="787" ind1="0" ind2="8">
   <subfield code="i">Rezensiert in</subfield>
   <subfield code="a">Wirth, Hermann, 1940 - 2019</subfield>
   <subfield code="t">[Rezension von: Antje Adler, Gelebte Antike]</subfield>
   <subfield code="d">Braubach : Europäisches Burgeninstitut, 2013</subfield>
   <subfield code="w">(DE-627)1811422470</subfield>
  </datafield>
  <datafield tag="830" ind1=" " ind2="0">
   <subfield code="a">Quellen und Forschungen zur brandenburgischen und preußischen Geschichte</subfield>
   <subfield code="v">43</subfield>
   <subfield code="9">43</subfield>
   <subfield code="w">(DE-627)306585200</subfield>
   <subfield code="w">(DE-576)03724597X</subfield>
   <subfield code="w">(DE-600)1498050-2</subfield>
   <subfield code="x">0943-8629</subfield>
  </datafield>
  <datafield tag="856" ind1="4" ind2="2">
   <subfield code="u">http://d-nb.info/1021908053/04</subfield>
   <subfield code="m">B:DE-101</subfield>
   <subfield code="q">application/pdf</subfield>
   <subfield code="v">2013-05-01</subfield>
   <subfield code="x">Verlag</subfield>
   <subfield code="3">Inhaltsverzeichnis</subfield>
  </datafield>
  <datafield tag="935" ind1=" " ind2=" ">
   <subfield code="i">sf</subfield>
  </datafield>
  <datafield tag="935" ind1=" " ind2=" ">
   <subfield code="i">Blocktest</subfield>
  </datafield>
  <datafield tag="936" ind1="r" ind2="v">
   <subfield code="a">LK 61370</subfield>
   <subfield code="b">Potsdam</subfield>
   <subfield code="k">Kunst nach Ländern bzw. Kontinenten</subfield>
   <subfield code="k">Deutschland</subfield>
   <subfield code="k">Kunsttopografie Deutschlands</subfield>
   <subfield code="k">Orte Deutschlands</subfield>
   <subfield code="k">Orte P</subfield>
   <subfield code="k">Potsdam</subfield>
   <subfield code="0">(DE-627)1270638084</subfield>
   <subfield code="0">(DE-625)rvk/98033:</subfield>
   <subfield code="0">(DE-576)200638084</subfield>
  </datafield>
  <datafield tag="936" ind1="r" ind2="v">
   <subfield code="a">NP 2068</subfield>
   <subfield code="b">Friedrich Wilhelm (Preußen, König, IV.)</subfield>
   <subfield code="k">Von der Restauration bis zum Ende des Ersten Weltkrieges (1815 - 1918)</subfield>
   <subfield code="k">Zeitalter der Restauration und Revolution (1815 - 1850)</subfield>
   <subfield code="k">Restauration und Vormärz (1815 - 1847)</subfield>
   <subfield code="k">Sonstige Persönlichkeiten</subfield>
   <subfield code="k">Friedrich Wilhelm (Preußen, König, IV.)</subfield>
   <subfield code="0">(DE-627)1271547112</subfield>
   <subfield code="0">(DE-625)rvk/127453:</subfield>
   <subfield code="0">(DE-576)201547112</subfield>
  </datafield>
  <datafield tag="936" ind1="b" ind2="k">
   <subfield code="a">21.71</subfield>
   <subfield code="j">Geschichte öffentlicher Bauten</subfield>
   <subfield code="0">(DE-627)106421263</subfield>
  </datafield>
  <datafield tag="936" ind1="b" ind2="k">
   <subfield code="a">20.16</subfield>
   <subfield code="j">Kunstförderung</subfield>
   <subfield code="0">(DE-627)106406558</subfield>
  </datafield>
  <datafield tag="936" ind1="b" ind2="k">
   <subfield code="a">15.36</subfield>
   <subfield code="j">Europäische Geschichte 1815-1914</subfield>
   <subfield code="q">coli-conc RVK-&gt;BK</subfield>
   <subfield code="q">https://coli-conc.gbv.de/api/mappings/e5f06c72-2a26-4e85-bc5c-650078c2a1c7</subfield>
   <subfield code="0">(DE-627)18157103X</subfield>
  </datafield>
  <datafield tag="951" ind1=" " ind2=" ">
   <subfield code="a">BO</subfield>
  </datafield>
  <datafield tag="990" ind1=" " ind2=" ">
   <subfield code="a">Friedrich Wilhelm &lt;IV., Preußen, König&gt; </subfield>
  </datafield>
  <datafield tag="990" ind1=" " ind2=" ">
   <subfield code="a">Bauvorhaben</subfield>
  </datafield>
  <datafield tag="990" ind1=" " ind2=" ">
   <subfield code="a">Schloss Charlottenhof</subfield>
  </datafield>
  <datafield tag="990" ind1=" " ind2=" ">
   <subfield code="a">Schloss Charlottenhof</subfield>
  </datafield>
  <datafield tag="991" ind1=" " ind2=" ">
   <subfield code="a">Rezensiertes Werk</subfield>
  </datafield>
  <datafield tag="999" ind1=" " ind2=" ">
   <subfield code="a">KXP-PPN690091451</subfield>
   <subfield code="e">4185191715</subfield>
  </datafield>
 </record>
</collection>
